Queen Singles Quiz - Statistics

General Stats
  • This quiz has been taken 76 times
  • The average score is 32 of 63
Answer Stats
Year Song % Correct
1975 Bohemian Rhapsody
97%
1977 We Are the Champions
94%
1984 Radio Ga Ga
91%
1977 We Will Rock You
89%
1974 Killer Queen
88%
1984 I Want to Break Free
86%
1978 Fat Bottomed Girls
84%
1980 Another One Bites the Dust
83%
1976 Somebody to Love
83%
1981 Under Pressure
81%
1978 Bicycle Race
80%
1979 Crazy Little Thing Called Love
75%
1979 Don't Stop Me Now
75%
1974 Seven Seas of Rhye
75%
1991 The Show Must Go On
75%
1976 You're My Best Friend
75%
1986 A Kind of Magic
70%
1991 Innuendo
69%
1980 Flash
67%
1984 Hammer to Fall
64%
1989 I Want It All
63%
1989 Breakthru
61%
1991 These Are the Days of Our Lives
59%
1986 Who Wants to Live Forever
58%
1977 Good Old-Fashioned Lover Boy
56%
1973 Keep Yourself Alive
56%
1979 Love of My Life (Live)
56%
1991 I'm Going Slightly Mad
55%
1985 One Vision
55%
1980 Play the Game
55%
1986 Friends Will Be Friends
52%
1989 The Invisible Man
52%
1977 Tie Your Mother Down
52%
1975 Now I'm Here
50%
1978 Spread Your Wings
48%
1989 The Miracle
48%
1980 Save Me
47%
1984 It's a Hard Life
45%
1991 Headlong
44%
1989 Scandal
42%
1982 Body Language
41%
1995 Heaven for Everyone
41%
1974 Liar
41%
1984 Thank God It's Christmas
36%
1995 A Winter's Tale
34%
1982 Back Chat
31%
1986 Princes of the Universe
31%
1982 Las Palabras de Amor
30%
1997 No-One but You (Only the Good Die Young)
28%
1982 Calling All Girls
27%
1978 It's Late
27%
1996 Too Much Love Will Kill You
27%
1996 You Don't Fool Me
23%
1996 I Was Born to Love You
22%
1996 Let Me Live
22%
1986 One Year of Love
22%
1982 Staying Power
19%
1979 Mustapha
17%
1977 Teo Torriatte (Let Us Cling Together)
17%
1979 Jealousy
16%
1986 Pain Is So Close to Pleasure
13%
1977 Long Away
9%
1980 Need Your Loving Tonight
9%
No matching quizzes found
Score Distribution
Percent of People with Each Score
Percentile by Number Answered
Your Score History
You have not taken this quiz